[Event "Lichtenrader Herbst"]
[Site "Berlin-Lichtenrade"]
[Date "2015.10.26"]
[Round "3.14"]
[White "Bankmann, Daniel"]
[Black "Lyell, Mark"]
[Result "1/2-1/2"]
[WhiteElo "2020"]
[BlackElo "2285"]
[PlyCount "123"]
[EventDate "2015.??.??"]
[WhiteTeam "SC Gelnhausen"]

1. e4 e5 2. Nc3 Nf6 3. f4 d5 4. fxe5 Nxe4 5. Qf3 Nc6 6. Bb5 Nxc3 7. dxc3 Qh4+
8. g3 Qe4+ 9. Qxe4 dxe4 10. Bf4 Bd7 11. O-O-O O-O-O 12. Bxc6 Bxc6 13. Rxd8+
Kxd8 14. Ne2 h6 15. Nd4 Bd7 16. Rd1 Kc8 17. c4 a6 18. Re1 c5 19. Ne2 g5 20. Bd2
Bg7 21. Bc3 Bh3 22. e6 Bxc3 23. Nxc3 Bxe6 24. Nxe4 b6 25. a4 Rd8 26. a5 Kc7 27.
b3 Kc6 28. axb6 Kxb6 29. Kb2 Bf5 30. Nxc5 Rd2 31. h4 Rxc2+ 32. Ka3 gxh4 33.
gxh4 Rh2 34. Rf1 Bg6 35. Na4+ Kc7 36. Rf4 a5 37. Nc3 Kd6 38. Rd4+ Kc6 39. Rf4
Kd6 40. Rd4+ Kc6 41. Nb5 h5 42. b4 axb4+ 43. Kxb4 Rb2+ 44. Kc3 Rh2 45. Kb4 Rb2+
46. Kc3 Rb1 47. Rd6+ Kb7 48. Na3 Rh1 49. Rd4 Rg1 50. Kb4 Rg4 51. Kc5 f5 52. Nb5
Rxd4 53. Kxd4 f4 54. Nc3 Kc6 55. Nd5 f3 56. Ke3 Bf7 57. Nf6 Bxc4 58. Kxf3 Kd6
59. Nxh5 Ke5 60. Ng3 Kf6 61. Kf4 Bf7 62. Ke4 1/2-1/2

[Event "Lichtenrader Herbst"]
[Site "Berlin-Lichtenrade"]
[Date "2015.10.26"]
[Round "3.15"]
[White "Lerch, Philipp"]
[Black "Kather, Yannick"]
[Result "1/2-1/2"]
[WhiteElo "2307"]
[BlackElo "2052"]
[PlyCount "123"]
[EventDate "2015.??.??"]
[WhiteTeam "SC Kreuzberg"]
[BlackTeam "SC Weisse Dame (Berlin)"]

1. e4 c5 2. Nf3 Nc6 3. d4 cxd4 4. Nxd4 g6 5. c4 Nf6 6. Nc3 d6 7. Be2 Bg7 8. Be3
O-O 9. O-O Bd7 10. f3 a6 11. Qd2 Qa5 12. a3 Nxd4 13. Bxd4 Rfc8 14. b4 Qd8 15.
Qe3 Qe8 16. Rac1 Be6 17. Nd5 Bxd5 18. exd5 a5 19. Qd2 axb4 20. axb4 Ra3 21. Qb2
Rca8 22. Ra1 Qa4 23. Bd1 Qa6 24. Rxa3 Qxa3 25. Re1 Qd3 26. Be2 Qa3 27. Bf1 Kf8
28. Ra1 Qxa1 29. Qxa1 Rxa1 30. Bxa1 Nd7 31. Bxg7+ Kxg7 32. Kf2 Kf6 33. Ke3 g5
34. Kd4 b6 35. Bd3 h5 36. g3 Ne5 37. Be4 Nd7 38. f4 gxf4 39. gxf4 Nf8 40. Bf3
h4 41. Bg4 Ng6 42. Ke4 e6 43. dxe6 fxe6 44. Bxe6 Ne7 45. Bd7 Kg6 46. Kd4 Kf6
47. Ke4 Kg6 48. Kd3 Kf6 49. Kd4 Kg6 50. Kc3 Kf6 51. Kb3 Ng6 52. Ka4 Nxf4 53.
Kb5 d5 54. c5 bxc5 55. bxc5 Ne2 56. Kc6 Ke5 57. Bg4 Nc3 58. Kd7 d4 59. c6 d3
60. Bf3 d2 61. c7 Nd5 62. c8=N 1/2-1/2

[Event "Lichtenrader Herbst"]
[Site "Berlin-Lichtenrade"]
[Date "2015.10.26"]
[Round "3.16"]
[White "Buttkus, Andre"]
[Black "Rietze, Clemens"]
[Result "0-1"]
[WhiteElo "2045"]
[BlackElo "2279"]
[PlyCount "64"]
[EventDate "2015.??.??"]
[WhiteTeam "SK Tempelhof 1931"]
[BlackTeam "SC Rotation Pankow"]

1. c4 f5 2. g3 Nf6 3. Bg2 g6 4. Nc3 Bg7 5. d3 O-O 6. e4 fxe4 7. dxe4 d6 8. Nge2
c5 9. O-O Nc6 10. b3 Ne8 11. Be3 Nc7 12. Qd2 Ne6 13. Bh6 Ned4 14. Bxg7 Kxg7 15.
f3 a6 16. Nxd4 cxd4 17. Ne2 e5 18. Nc1 b5 19. cxb5 axb5 20. Nd3 Qa5 21. b4 Qa3
22. Rac1 Qa6 23. f4 Be6 24. f5 Bc4 25. Rf2 Qa3 26. Bf1 gxf5 27. Nb2 fxe4 28.
Qg5+ Kh8 29. Nxc4 bxc4 30. Rxf8+ Rxf8 31. Rxc4 Rxf1+ 32. Kg2 Qxa2+ 0-1

[Event "Lichtenrader Herbst"]
[Site "Berlin-Lichtenrade"]
[Date "2015.10.26"]
[Round "3.17"]
[White "Foerster, Jonas"]
[Black "Schnabel, Bennett"]
[Result "1/2-1/2"]
[WhiteElo "2261"]
[BlackElo "2063"]
[PlyCount "112"]
[EventDate "2015.??.??"]
[WhiteTeam "SSC Rostock"]
[BlackTeam "SV Mattnetz Berlin"]

1. d4 d5 2. c4 e6 3. Nc3 c6 4. Nf3 dxc4 5. a4 Bb4 6. e4 Nf6 7. Qc2 Qa5 8. Bd2
b5 9. Be2 Nbd7 10. O-O Bxc3 11. bxc3 Qc7 12. Rfb1 a6 13. e5 Nd5 14. axb5 cxb5
15. Rxb5 axb5 16. Rxa8 N7b6 17. Ra1 h6 18. Be1 Nf4 19. Bf1 Bb7 20. Nd2 O-O 21.
Ne4 Bxe4 22. Qxe4 Nfd5 23. Qb1 Qc6 24. Ra5 Nc7 25. g3 Ra8 26. Bg2 Nbd5 27. Qa1
Rxa5 28. Qxa5 Qa6 29. Qxa6 Nxa6 30. Kf1 Nb8 31. Ke2 Nc6 32. Kd1 Kf8 33. Bf1 Ke7
34. Kc1 Nb6 35. Kb2 Nd5 36. Bd2 Kd7 37. Be2 Nb6 38. Be3 Nd5 39. Bd2 Nb6 40. f4
Nd5 41. h4 Nce7 42. h5 f5 43. exf6 Nxf6 44. g4 Nfd5 45. Bf3 Kd6 46. Kc2 Nc6 47.
Be2 Nce7 48. Bc1 Kd7 49. Bf3 Kd8 50. Bd2 Kd7 51. Bg2 Kd6 52. Be4 Nf6 53. Bf3
Nfd5 54. g5 Nf5 55. Be2 Ng3 56. Bf3 Nf5 1/2-1/2

[Event "Lichtenrader Herbst"]
[Site "Berlin-Lichtenrade"]
[Date "2015.10.26"]
[Round "3.18"]
[White "Zivkovic, Slaven"]
[Black "Gruzmann, Boris"]
[Result "1/2-1/2"]
[WhiteElo "1828"]
[BlackElo "2250"]
[PlyCount "94"]
[EventDate "2015.??.??"]
[WhiteTeam "Omladinac-Buducnost"]
[BlackTeam "Lübecker SV"]

1. e4 c5 2. Nf3 d6 3. Bb5+ Nd7 4. c3 a6 5. Ba4 e5 6. O-O b5 7. Bc2 Ngf6 8. Re1
Be7 9. d3 O-O 10. Nbd2 Re8 11. Nf1 Bf8 12. Ng3 g6 13. h3 Bb7 14. Nh2 d5 15. Bg5
h6 16. Bd2 d4 17. f4 dxc3 18. bxc3 Bg7 19. a4 Qc7 20. Qf3 Re7 21. axb5 axb5 22.
Rxa8+ Bxa8 23. f5 Kh7 24. h4 Qa7 25. fxg6+ fxg6 26. h5 Nxh5 27. Nxh5 gxh5 28.
Qf5+ Kh8 29. Qxh5 Nf6 30. Qf5 c4+ 31. Be3 Qd7 32. Qxd7 Rxd7 33. dxc4 bxc4 34.
Bc1 Bc6 35. Nf3 Ng4 36. Nh4 Bf6 37. Nf5 Bg5 38. Bd1 Nf6 39. Bxg5 hxg5 40. Bf3
g4 41. Be2 Bxe4 42. Ne3 Bd3 43. Nxc4 Bxc4 44. Bxc4 Rc7 45. Be6 Rxc3 46. Rxe5
Kg7 47. Kf2 Kg6 1/2-1/2

[Event "Lichtenrader Herbst"]
[Site "Berlin-Lichtenrade"]
[Date "2015.10.26"]
[Round "3.19"]
[White "Schnabel, Ralf"]
[Black "Shoipov, Dennie"]
[Result "1-0"]
[WhiteElo "2241"]
[BlackElo "1840"]
[PlyCount "81"]
[EventDate "2015.??.??"]
[WhiteTeam "ESV Nickelhütte Aue"]
[BlackTeam "SC Kreuzberg"]

1. e4 c5 2. Nf3 Nc6 3. d4 cxd4 4. Nxd4 g6 5. Nc3 Bg7 6. Nb3 Nf6 7. Bg5 d6 8.
Be2 Bd7 9. O-O O-O 10. f4 a5 11. a4 Rc8 12. Kh1 Qc7 13. Bxf6 Bxf6 14. Nd5 Qb8
15. Nxf6+ exf6 16. Qd2 b6 17. Rfd1 Be6 18. Qxd6 Qb7 19. f5 Rcd8 20. Qg3 Bxb3
21. Rxd8 Rxd8 22. Qxb3 Nd4 23. Qd3 Ne6 24. Qe3 Nc5 25. Bf3 Qd7 26. b3 gxf5 27.
exf5 Qxf5 28. Qe2 Rd6 29. h3 Re6 30. Qd2 Ne4 31. Bxe4 Qxe4 32. Rf1 Qe5 33. Qf4
Kg7 34. Rf3 h6 35. Kh2 Kg6 36. Rg3+ Kh7 37. Qg4 Qg5 38. Qd4 Qe5 39. Qd7 Re7 40.
Qg4 Qg5 41. Qc8 1-0

[Event "Lichtenrader Herbst"]
[Site "Berlin-Lichtenrade"]
[Date "2015.10.26"]
[Round "3.20"]
[White "Boetzer, Detlef"]
[Black "Bergmann, Jens"]
[Result "1-0"]
[WhiteElo "2226"]
[BlackElo "1902"]
[PlyCount "127"]
[EventDate "2015.??.??"]
[WhiteTeam "SC Rotation Pankow"]
[BlackTeam "SK Tempelhof 1931"]

1. d4 g6 2. Nf3 Bg7 3. c4 Nf6 4. Nc3 d6 5. e4 O-O 6. Be2 Nbd7 7. O-O c6 8. Qc2
e5 9. Rd1 Qc7 10. Be3 Ng4 11. Bg5 h6 12. Bh4 Ngf6 13. d5 c5 14. Nd2 g5 15. Bg3
a6 16. a3 Rd8 17. b4 Nf8 18. bxc5 Qxc5 19. Na4 Qa5 20. Qb3 b5 21. Nc3 Bd7 22.
Qb4 Qxb4 23. axb4 Rdc8 24. Rdc1 Ne8 25. f3 bxc4 26. Nxc4 Rab8 27. Rab1 Bf6 28.
Be1 Bd8 29. Na5 Bb6+ 30. Kf1 Ra8 31. Nd1 Rxc1 32. Rxc1 Bxa5 33. bxa5 Bb5 34.
Bxb5 axb5 35. Rc6 Nd7 36. Bb4 Kf8 37. Ne3 Nc5 38. Ke2 Nb3 39. Rc3 Nd4+ 40. Kd3
Ke7 41. Ra3 h5 42. Bc3 b4 43. Bxb4 Nb5 44. Ra1 Nec7 45. Bd2 Na6 46. Nf5+ Kd7
47. Rb1 Nc5+ 48. Ke2 Rb8 49. Kf1 f6 50. Be3 Na6 51. Rc1 Nb4 52. Bb6 Na2 53. Rc4
Nac3 54. Ke1 g4 55. Be3 gxf3 56. gxf3 Ra8 57. Bd2 Nb1 58. Bb4 Ra6 59. Rc1 N1a3
60. Kf2 Nd4 61. Nxd4 exd4 62. Bxa3 Rxa5 63. Bb2 Ra2 64. Rc2 1-0

[Event "Lichtenrader Herbst"]
[Site "Berlin-Lichtenrade"]
[Date "2015.10.27"]
[Round "4.2"]
[White "Kasparov, Sergey"]
[Black "Muse, Drazen"]
[Result "1-0"]
[WhiteElo "2482"]
[BlackElo "2393"]
[PlyCount "102"]
[EventDate "2015.??.??"]
[BlackTeam "SK König Tegel"]

1. e4 d5 2. exd5 Nf6 3. Nf3 Nxd5 4. d4 Bf5 5. Bd3 Bxd3 6. Qxd3 e6 7. O-O c6 8.
c4 Nf6 9. Qe2 Be7 10. Nc3 O-O 11. b3 Nbd7 12. Bb2 Qa5 13. Rfd1 Rfe8 14. Ne5 Ba3
15. Bxa3 Qxa3 16. Rd3 Nf8 17. Rad1 Rad8 18. g3 Qa5 19. h4 N6d7 20. Nf3 Nf6 21.
R1d2 Qh5 22. Qe5 Ng6 23. Qxh5 Nxh5 24. Ne5 Nf6 25. Kg2 Re7 26. f4 Nxe5 27. fxe5
Ne8 28. Kf3 f6 29. Ke3 Red7 30. Ne4 b6 31. g4 h6 32. a3 Kf7 33. b4 Ke7 34. g5
hxg5 35. hxg5 f5 36. Nc3 Nc7 37. b5 cxb5 38. d5 bxc4 39. d6+ Ke8 40. Rd4 Na6
41. g6 Rb7 42. Rxc4 Kd7 43. Rh4 Rc8 44. Ne2 Rc5 45. Kf4 Rc4+ 46. Rd4 Rc8 47.
Rh7 Rg8 48. Ng3 Nc5 49. Nh5 Kc6 50. d7 Rxd7 51. Rxd7 Kxd7 1-0

[Event "Lichtenrader Herbst"]
[Site "Berlin-Lichtenrade"]
[Date "2015.10.27"]
[Round "4.3"]
[White "Stremavicius, Titas"]
[Black "Schnabel, Ralf"]
[Result "1-0"]
[WhiteElo "2466"]
[BlackElo "2241"]
[PlyCount "90"]
[EventDate "2015.??.??"]
[WhiteTeam "Kaunas Margiris"]
[BlackTeam "ESV Nickelhütte Aue"]

1. d4 f5 2. e4 fxe4 3. Nc3 Nf6 4. Bg5 Nc6 5. d5 Ne5 6. Qe2 d6 7. Bxf6 exf6 8.
Qxe4 Be7 9. f4 f5 10. Qe2 Ng6 11. g3 O-O 12. O-O-O Bf6 13. Nb5 Re8 14. Qc4 Re7
15. Nf3 Nf8 16. Bd3 a6 17. Nbd4 g6 18. Rhe1 b5 19. Qb3 Bd7 20. c3 Qe8 21. h4 h5
22. Qa3 Rxe1 23. Rxe1 Qf7 24. Qb3 Re8 25. Rxe8 Qxe8 26. Kd2 Qa8 27. Nc2 Be8 28.
Ne3 Bf7 29. a4 Nd7 30. axb5 Nc5 31. Qa2 a5 32. Ng5 a4 33. Bc2 Qe8 34. Qc4 Qa8
35. Nxf7 Kxf7 36. Qb4 Qa7 37. b6 cxb6 38. Nc4 Kg7 39. Qxb6 Qe7 40. Qxd6 Ne4+
41. Bxe4 Qxe4 42. Qc7+ Kh6 43. Ne3 Qb1 44. Qb6 a3 45. Qxf6 Qxb2+ 1-0

[Event "Lichtenrader Herbst"]
[Site "Berlin-Lichtenrade"]
[Date "2015.10.27"]
[Round "4.4"]
[White "Rietze, Clemens"]
[Black "Malek, Daniel"]
[Result "1-0"]
[WhiteElo "2279"]
[BlackElo "2426"]
[PlyCount "63"]
[EventDate "2015.??.??"]
[WhiteTeam "SC Rotation Pankow"]
[BlackTeam "SK Zehlendorf"]

1. d4 Nf6 2. c4 e6 3. Nc3 Bb4 4. e3 c5 5. Nge2 d5 6. a3 Bxc3+ 7. Nxc3 cxd4 8.
exd4 dxc4 9. Bxc4 O-O 10. O-O Nc6 11. Be3 h6 12. Rc1 Ne7 13. Bf4 Bd7 14. Be5
Ng6 15. Qf3 Nxe5 16. dxe5 Bc6 17. Qe2 Nd7 18. Bb5 Rc8 19. Rcd1 Qe7 20. Rd6 Nb8
21. f4 a6 22. Bxc6 Rxc6 23. Rfd1 Qc7 24. Qf2 Rxd6 25. exd6 Qc6 26. f5 exf5 27.
Qxf5 Nd7 28. Kh1 Nf6 29. h3 Re8 30. d7 Nxd7 31. Qxd7 Re1+ 32. Kh2 1-0

[Event "Lichtenrader Herbst"]
[Site "Berlin-Lichtenrade"]
[Date "2015.10.27"]
[Round "4.5"]
[White "Baldauf, Marco"]
[Black "Boettcher, Patrick"]
[Result "1-0"]
[WhiteElo "2404"]
[BlackElo "2152"]
[PlyCount "65"]
[EventDate "2015.??.??"]
[WhiteTeam "SF 1903 Berlin"]
[BlackTeam "SC Zitadelle Spandau"]

1. c4 Nf6 2. g3 c5 3. Bg2 d5 4. cxd5 Nxd5 5. Nc3 Nc7 6. Qb3 Nd7 7. Nf3 e5 8.
O-O Be7 9. e3 Ne6 10. Rd1 O-O 11. d4 cxd4 12. exd4 exd4 13. Nxd4 Ndc5 14. Qc4
Nxd4 15. Rxd4 Be6 16. Nd5 Rc8 17. Nxe7+ Qxe7 18. Qb4 Rfd8 19. Rxd8+ Qxd8 20.
Be3 b6 21. Qa3 a5 22. b4 axb4 23. Qxb4 Qc7 24. a3 h6 25. h3 Kh7 26. Rd1 Qa7 27.
Rd6 Nd7 28. Kh2 Rc4 29. Qb5 Ra4 30. Rxe6 fxe6 31. Bc6 Rxa3 32. Bxd7 Ra1 33.
Bxe6 1-0

[Event "Lichtenrader Herbst"]
[Site "Berlin-Lichtenrade"]
[Date "2015.10.27"]
[Round "4.6"]
[White "Potseluev, Sergey"]
[Black "Danin, Alexandre"]
[Result "0-1"]
[WhiteElo "2085"]
[BlackElo "2579"]
[PlyCount "87"]
[EventDate "2015.??.??"]
[BlackTeam "Bochumer SV"]

1. d4 Nf6 2. Nf3 g6 3. g3 Bg7 4. Bg2 d5 5. O-O O-O 6. Nbd2 Nc6 7. c3 Re8 8. b4
a6 9. a4 e5 10. Nb3 exd4 11. Nfxd4 Ne5 12. Bg5 h6 13. Bxf6 Bxf6 14. Re1 c6 15.
e4 dxe4 16. Rxe4 Nc4 17. Qe2 Rxe4 18. Qxe4 Nd6 19. Qc2 Nf5 20. Ne2 Qe7 21. Rd1
Be6 22. Nc5 Re8 23. Nf4 Bc8 24. Ne4 Be5 25. Nd3 Bg7 26. a5 Nd6 27. Nec5 Nb5 28.
Na4 Qf6 29. c4 Nd4 30. Qa2 Re2 31. Rd2 Re7 32. f4 Bg4 33. Ne5 Rxe5 34. fxe5
Qxe5 35. Rf2 Qe1+ 36. Bf1 Qxb4 37. Nb6 Nf3+ 38. Kh1 Bd4 39. Re2 Ne5 40. Bg2
Bxe2 41. Qxe2 Qxa5 42. c5 Qxc5 43. Na4 Qb4 44. Qc2 0-1

[Event "Lichtenrader Herbst"]
[Site "Berlin-Lichtenrade"]
[Date "2015.10.27"]
[Round "4.8"]
[White "Piotrowski, Christopher"]
[Black "Solys, Laimutis"]
[Result "0-1"]
[WhiteElo "2104"]
[BlackElo "2344"]
[PlyCount "84"]
[EventDate "2015.??.??"]
[WhiteTeam "SK König Tegel"]
[BlackTeam "Kaunas Margiris"]

1. c4 e6 2. g3 d5 3. Bg2 Nf6 4. Nf3 c5 5. O-O Nc6 6. b3 Be7 7. Bb2 d4 8. e3 e5
9. exd4 cxd4 10. d3 O-O 11. Re1 Nd7 12. a3 a5 13. Nbd2 Re8 14. Qc2 Qc7 15. Nf1
Nc5 16. N3d2 Bf5 17. Ne4 Ne6 18. h3 h5 19. h4 Bg6 20. Nh2 f5 21. Nd2 e4 22.
dxe4 f4 23. Ndf1 Bd6 24. gxf4 Nxf4 25. c5 Be5 26. Rad1 Rf8 27. Nf3 d3 28. Qd2
Bxb2 29. Qxb2 Rae8 30. Ng3 Qd7 31. Nh2 Ne5 32. Re3 Qe7 33. Nf3 Ng4 34. Rexd3
Nxd3 35. Rxd3 Qxc5 36. Rd5 Qc7 37. Rg5 Qf7 38. Qd4 Rd8 39. Qa1 Rd3 40. Qb2 Rxb3
41. Qc2 Rxa3 42. Nd4 Ra2 0-1

[Event "Lichtenrader Herbst"]
[Site "Berlin-Lichtenrade"]
[Date "2015.10.27"]
[Round "4.10"]
[White "Lyell, Mark"]
[Black "Haas, Frank-Martin"]
[Result "1/2-1/2"]
[WhiteElo "2285"]
[BlackElo "2143"]
[PlyCount "66"]
[EventDate "2015.??.??"]
[BlackTeam "SV Walldorf"]

1. e4 e6 2. d4 d5 3. Nd2 Nf6 4. e5 Nfd7 5. Bd3 c5 6. c3 Nc6 7. Ne2 cxd4 8. cxd4
f6 9. exf6 Nxf6 10. Nf3 Qb6 11. O-O Bd6 12. Nc3 Bd7 13. a3 Nxd4 14. Nxd4 Qxd4
15. Nb5 Qe5 16. g3 Bxb5 17. Bxb5+ Ke7 18. Bf4 Qxb2 19. Bxd6+ Kxd6 20. a4 Rac8
21. Rb1 Qc3 22. Re1 e5 23. Qe2 e4 24. Qa2 Rc7 25. Rbd1 a6 26. Bf1 Re8 27. Bg2
Qc2 28. Qa1 Qc3 29. Qb1 Qc2 30. Qb6+ Qc6 31. Qe3 Qc3 32. Qb6+ Qc6 33. Qe3 Qc3
1/2-1/2

[Event "Lichtenrader Herbst"]
[Site "Berlin-Lichtenrade"]
[Date "2015.10.27"]
[Round "4.11"]
[White "Daverkausen, Bernd"]
[Black "Lerch, Philipp"]
[Result "1/2-1/2"]
[WhiteElo "2157"]
[BlackElo "2307"]
[PlyCount "82"]
[EventDate "2015.??.??"]
[WhiteTeam "SC Zugzwang 95 (Berlin)"]
[BlackTeam "SC Kreuzberg"]

1. Nf3 c5 2. c4 Nf6 3. Nc3 b6 4. g3 Bb7 5. Bg2 e6 6. O-O Be7 7. b3 O-O 8. Bb2
d6 9. d4 cxd4 10. Nxd4 Bxg2 11. Kxg2 a6 12. e3 Qc7 13. f4 Nc6 14. Nxc6 Qxc6+
15. Qf3 Qc7 16. Rfd1 b5 17. cxb5 axb5 18. a4 b4 19. Ne2 Qc2 20. Rab1 Rac8 21.
Kg1 Nd5 22. Nd4 Qc5 23. Nf5 exf5 24. Rxd5 Qc2 25. Qd1 Qc6 26. Qd3 Qb7 27. Rb5
Qa6 28. Rd1 Rc5 29. Rxc5 Qxd3 30. Rxd3 dxc5 31. Rd7 Rd8 32. Rxd8+ Bxd8 33. Kf1
Kf8 34. Ke2 Ke7 35. Kd3 f6 36. Kc4 Kd6 37. Kb5 Be7 38. a5 Kc7 39. a6 Bd6 40.
Bc1 Be7 41. Bd2 Bd6 1/2-1/2

[Event "Lichtenrader Herbst"]
[Site "Berlin-Lichtenrade"]
[Date "2015.10.27"]
[Round "4.12"]
[White "Federau, Juergen"]
[Black "Foerster, Jonas"]
[Result "0-1"]
[WhiteElo "2129"]
[BlackElo "2261"]
[PlyCount "66"]
[EventDate "2015.??.??"]
[WhiteTeam "SC Kreuzberg"]
[BlackTeam "SSC Rostock"]

1. d4 Nf6 2. c4 g6 3. g3 Bg7 4. Bg2 d6 5. Nc3 O-O 6. e4 Nc6 7. Nge2 e5 8. d5
Nb8 9. O-O a5 10. Bd2 Na6 11. Qc2 c6 12. dxc6 bxc6 13. Rad1 Be6 14. b3 Qc7 15.
Bg5 h6 16. Bxf6 Bxf6 17. Qd2 Rfd8 18. Qxh6 Nc5 19. Rc1 a4 20. Rb1 axb3 21. axb3
Ra3 22. f4 Bg7 23. Qg5 Nxb3 24. f5 f6 25. Qxg6 Bf7 26. Qg4 Nd2 27. h4 Nxf1 28.
Rxf1 Qa5 29. Rf2 Rxc3 30. Bf3 Rc2 31. h5 Qd2 32. Nf4 Qxf2+ 33. Kh1 Qh2# 0-1

[Event "Lichtenrader Herbst"]
[Site "Berlin-Lichtenrade"]
[Date "2015.10.27"]
[Round "4.13"]
[White "Gruzmann, Boris"]
[Black "Noetzel, Felix"]
[Result "0-1"]
[WhiteElo "2250"]
[BlackElo "2110"]
[PlyCount "118"]
[EventDate "2015.??.??"]
[WhiteTeam "Lübecker SV"]
[BlackTeam "SF 1903 Berlin"]

1. e4 d5 2. exd5 Qxd5 3. Nc3 Qa5 4. d4 c6 5. Nf3 Nf6 6. Bc4 Bf5 7. Bd2 e6 8.
Nd5 Qd8 9. Nxf6+ Qxf6 10. Qe2 Bg4 11. d5 Bxf3 12. gxf3 cxd5 13. Bxd5 Nd7 14.
Bc3 Bb4 15. Bxb4 Qxb2 16. O-O Qxb4 17. Rab1 Qe7 18. Bxb7 Rb8 19. Qc4 O-O 20.
Qc7 Qg5+ 21. Kh1 Nf6 22. f4 Qf5 23. Rb3 Ne4 24. Bxe4 Qxe4+ 25. Kg1 Rbc8 26.
Qxa7 Rxc2 27. Rb8 Qxf4 28. Rxf8+ Kxf8 29. Qa3+ Ke8 30. h3 Qg5+ 31. Kh2 Qe5+ 32.
Kg1 Qg5+ 33. Kh2 Qc5 34. Qxc5 Rxc5 35. Ra1 Ke7 36. a4 Ra5 37. Kg3 f5 38. f4 Kf6
39. h4 g6 40. Kf3 h6 41. Ke3 e5 42. fxe5+ Kxe5 43. Kf3 g5 44. Re1+ Kf6 45. Ra1
g4+ 46. Kg3 h5 47. Ra2 Ke5 48. Re2+ Kd4 49. Kf4 Rxa4 50. Kxf5 Kd3 51. Rb2 Ke3
52. Rb3+ Kf2 53. Kg5 Ra5+ 54. Kf4 Kg2 55. Rc3 Kh2 56. Rc2+ Kh3 57. Rc1 g3 58.
Kf3 Rf5+ 59. Ke3 g2 0-1

[Event "Lichtenrader Herbst"]
[Site "Berlin-Lichtenrade"]
[Date "2015.10.27"]
[Round "4.14"]
[White "Kirchhof, Arno"]
[Black "Boetzer, Detlef"]
[Result "0-1"]
[WhiteElo "2104"]
[BlackElo "2226"]
[PlyCount "54"]
[EventDate "2015.??.??"]
[WhiteTeam "SC Zugzwang 95 (Berlin)"]
[BlackTeam "SC Rotation Pankow"]

1. d4 Nf6 2. Nf3 g6 3. c4 Bg7 4. Nc3 O-O 5. g3 d6 6. Bg2 Nbd7 7. O-O e5 8. h3
c6 9. e4 exd4 10. Nxd4 Qb6 11. Nc2 Ne8 12. Bd2 a5 13. b3 Nc5 14. Rb1 f5 15. Qe2
Nxe4 16. Nxe4 fxe4 17. Bxe4 Bxh3 18. Bg2 Bxg2 19. Qe6+ Kh8 20. Kxg2 Nf6 21. Bf4
d5 22. cxd5 Rae8 23. Qh3 Nxd5 24. Bd6 Rf5 25. Rbe1 Rxe1 26. Nxe1 c5 27. Bf4
Rxf4 0-1

[Event "Lichtenrader Herbst"]
[Site "Berlin-Lichtenrade"]
[Date "2015.10.27"]
[Round "4.15"]
[White "Marzano, Carlo"]
[Black "Bankmann, Daniel"]
[Result "1/2-1/2"]
[WhiteElo "2152"]
[BlackElo "2020"]
[PlyCount "91"]
[EventDate "2015.??.??"]
[BlackTeam "SC Gelnhausen"]

1. d4 Nf6 2. Nf3 c5 3. d5 e6 4. c4 g6 5. Nc3 d6 6. e4 Bg7 7. h3 O-O 8. Bd3 exd5
9. exd5 Re8+ 10. Be3 Bf5 11. Bxf5 gxf5 12. O-O Ne4 13. Qd3 Nd7 14. Bf4 Nf8 15.
Rfe1 Ng6 16. Bg5 Ne5 17. Nxe5 Qxg5 18. Nf3 Qf4 19. Ne2 Qh6 20. Rab1 Bf6 21. b3
Kh8 22. Ng3 Qg6 23. Nd2 Nxf2 24. Qxf5 Bd4 25. Qxg6 hxg6 26. Kf1 Nd3 27. Rxe8+
Rxe8 28. Nf3 Bc3 29. Ne2 Ba5 30. Rd1 Re3 31. Nh2 Ne5 32. Kf2 Rd3 33. Rxd3 Nxd3+
34. Ke3 Nb4 35. Nc3 Nc2+ 36. Kd2 Nd4 37. Nf1 Kg7 38. Kd3 Bxc3 39. Kxc3 Ne2+ 40.
Kd2 Nf4 41. Ne3 Kf6 42. h4 Ke5 43. Ng4+ Kf5 44. Nh6+ Kf6 45. Ng4+ Kf5 46. Nh6+
1/2-1/2

[Event "Lichtenrader Herbst"]
[Site "Berlin-Lichtenrade"]
[Date "2015.10.27"]
[Round "4.16"]
[White "Schnabel, Bennett"]
[Black "Prilleltensky, Matan"]
[Result "1/2-1/2"]
[WhiteElo "2063"]
[BlackElo "2150"]
[PlyCount "87"]
[EventDate "2015.??.??"]
[WhiteTeam "SV Mattnetz Berlin"]
[BlackTeam "Marshall Chess Club"]

1. e4 c5 2. c3 Nf6 3. e5 Nd5 4. Nf3 e6 5. d4 cxd4 6. cxd4 d6 7. a3 Bd7 8. Bd3
Bc6 9. O-O Nd7 10. b4 a6 11. Nbd2 dxe5 12. dxe5 Qc7 13. Bb2 Be7 14. Rc1 O-O 15.
Re1 Qb6 16. Nd4 Bb5 17. Nxb5 axb5 18. Nf3 Rfd8 19. g3 Nf8 20. Qe2 Rdc8 21. Bxb5
Ng6 22. Bd3 Qd8 23. Be4 Bf8 24. Red1 Rxc1 25. Rxc1 Qe7 26. Qb5 Rd8 27. Bd4 Ra8
28. Bb2 Rd8 29. h4 f5 30. exf6 Nxf6 31. Qxb7 Rd7 32. Qc6 Nd5 33. Bxg6 hxg6 34.
Be5 Ra7 35. Ra1 Nf6 36. Ng5 Ng4 37. Bd4 Rd7 38. Bc5 Qf6 39. Qxe6+ Kh8 40. Qxd7
Qxa1+ 41. Kg2 Nf6 42. Qd8 Ng8 43. Qxf8 Qh1+ 44. Kxh1 1/2-1/2

[Event "Lichtenrader Herbst"]
[Site "Berlin-Lichtenrade"]
[Date "2015.10.27"]
[Round "4.17"]
[White "Dimitrijeski, Kristian"]
[Black "Zivkovic, Slaven"]
[Result "1-0"]
[WhiteElo "2182"]
[BlackElo "1828"]
[PlyCount "77"]
[EventDate "2015.??.??"]
[WhiteTeam "SK König Tegel"]
[BlackTeam "Omladinac-Buducnost"]

1. d4 Nf6 2. c4 g6 3. Nc3 d5 4. cxd5 Nxd5 5. e4 Nxc3 6. bxc3 Bg7 7. Qa4+ Qd7 8.
Qa3 O-O 9. Nf3 Qd6 10. Qb3 Nc6 11. e5 Qd8 12. Be2 Na5 13. Qa3 b6 14. O-O Be6
15. Rd1 Bd5 16. Bf4 f6 17. Qc1 Nc4 18. Bxc4 Bxc4 19. Qe3 Qd5 20. Re1 Kh8 21.
exf6 Bxf6 22. Bxc7 Bxa2 23. Be5 a5 24. Qh6 Bxe5 25. Ng5 Qg8 26. Rxe5 Bf7 27.
Rxe7 Rae8 28. Re3 Qg7 29. Qxg7+ Kxg7 30. Rb1 Bc4 31. Nf3 a4 32. Nd2 Ba2 33. Ra1
Bb3 34. Nxb3 axb3 35. Rxe8 Rxe8 36. Rb1 b2 37. Kf1 Rc8 38. Rxb2 Rxc3 39. Rxb6
1-0

[Event "Lichtenrader Herbst"]
[Site "Berlin-Lichtenrade"]
[Date "2015.10.27"]
[Round "4.18"]
[White "Zschaebitz, Klaus"]
[Black "Chkhaidze, Nikoloz"]
[Result "1/2-1/2"]
[WhiteElo "2066"]
[BlackElo "2323"]
[PlyCount "170"]
[EventDate "2015.??.??"]
[WhiteTeam "Berliner SchGes Eckbauer"]

1. Nf3 Nf6 2. c4 g6 3. g3 c5 4. Bg2 Bg7 5. Nc3 Nc6 6. d4 cxd4 7. Nxd4 O-O 8.
O-O Qa5 9. Nb3 Qh5 10. c5 d6 11. cxd6 Rd8 12. e4 Bg4 13. f3 Rxd6 14. Nd5 Be6
15. Nxe7+ Nxe7 16. Qxd6 Nc6 17. Be3 Ne5 18. g4 Nc4 19. gxh5 Nxd6 20. e5 Nd5 21.
Bd4 Nf5 22. f4 Bh6 23. Bc5 b6 24. Bxd5 Bxd5 25. Bd6 Rd8 26. Bc7 Rd7 27. Rac1
Be6 28. hxg6 hxg6 29. Rc3 Bf8 30. Bb8 Rb7 31. Bd6 Nxd6 32. exd6 Bxd6 33. Rd3
Be7 34. Rc1 Bf6 35. Rd2 a5 36. Rc6 a4 37. Nc1 b5 38. b4 Kg7 39. Ne2 Bc4 40. a3
Re7 41. Kf2 Bh4+ 42. Ng3 Re4 43. Kf3 Re1 44. Ne4 Ra1 45. Kg4 Be1 46. Rd7 Rxa3
47. Kg5 Bxb4 48. Rxg6+ Kf8 49. Rh6 Rd3 50. Ra7 Be7+ 51. Nf6 Bxf6+ 52. Rxf6 Rh3
53. Rh6 Rxh6 54. Kxh6 Bd5 55. Kg5 Bc6 56. Kf6 Be8 57. Ke5 b4 58. Kd4 Kg7 59.
Kc4 b3 60. Kc3 Kf6 61. Ra5 Bd7 62. Kb2 Kg6 63. Re5 Kh6 64. Rd5 Be6 65. Rd4 Bf5
66. Rxa4 Bc2 67. Ra5 f5 68. Ra1 Kh5 69. Rg1 Kh4 70. Rg3 Bd1 71. Kb1 Bc2+ 72.
Kc1 Be4 73. Rxb3 Kg4 74. Kd2 Kxf4 75. Ke2 Kg4 76. Kf2 Kh4 77. Rb8 Kg4 78. Rf8
Kh3 79. Rh8+ Kg4 80. h3+ Kg5 81. Ke3 Bc2 82. Ra8 Kh4 83. Rh8+ Kg5 84. Kf3 Be4+
85. Ke3 Bc2 1/2-1/2

[Event "Lichtenrader Herbst"]
[Site "Berlin-Lichtenrade"]
[Date "2015.10.27"]
[Round "4.19"]
[White "Muse, Mladen"]
[Black "Wierzbicki, Jirawat"]
[Result "1-0"]
[WhiteElo "2380"]
[BlackElo "2031"]
[PlyCount "69"]
[EventDate "2015.??.??"]
[WhiteTeam "SK König Tegel"]
[BlackTeam "SK König Tegel"]

1. d4 d5 2. Nf3 Nf6 3. g3 g6 4. Bg2 Bg7 5. O-O O-O 6. c4 e6 7. Nc3 b6 8. Bg5
Bb7 9. Ne5 h6 10. Bxf6 Bxf6 11. cxd5 exd5 12. f4 c6 13. Qb3 Kg7 14. Rad1 Na6
15. e4 Bxe5 16. fxe5 Nc7 17. exd5 cxd5 18. Rf6 Ne8 19. Rf2 Nc7 20. a4 Qd7 21.
a5 b5 22. Rf6 Ne8 23. a6 Bc8 24. Bxd5 Rb8 25. Bc6 Qe7 26. Rdf1 Bf5 27. Nd5 Qd8
28. Bxe8 Qxe8 29. R6xf5 gxf5 30. Ne3 Rb6 31. Nxf5+ Kg8 32. Nxh6+ Kg7 33. Nf5+
Kg8 34. Nd6 Qd7 35. Qf3 1-0